Here, there and everywhere : (Record no. 339824)
[ view plain ]
| 000 -LEADER | |
|---|---|
| fixed length control field | 00572nam a2200229Ia 4500 |
| 008 - FIXED-LENGTH DATA ELEMENTS--GENERAL INFORMATION | |
| fixed length control field | 170711s9999 xx 000 0 und d |
| 020 ## - INTERNATIONAL STANDARD BOOK NUMBER | |
| International Standard Book Number | 1858214440 |
| 050 ## - LIBRARY OF CONGRESS CALL NUMBER | |
| Classification number | 940.54 |
| 050 ## - LIBRARY OF CONGRESS CALL NUMBER | |
| Item number | M533 1997 |
| 100 ## - MAIN ENTRY--PERSONAL NAME | |
| Personal name | Memmott, Fred |
| 245 ## - TITLE STATEMENT | |
| Title | Here, there and everywhere : |
| 245 ## - TITLE STATEMENT | |
| Remainder of title | a British soldier's lot / |
| 245 ## - TITLE STATEMENT | |
| Statement of responsibility, etc | by Fred Memmott. |
| 260 ## - PUBLICATION, DISTRIBUTION, ETC. (IMPRINT) | |
| Place of publication, distribution, etc | Durham : |
| 260 ## - PUBLICATION, DISTRIBUTION, ETC. (IMPRINT) | |
| Name of publisher, distributor, etc | Pentland Press, |
| 260 ## - PUBLICATION, DISTRIBUTION, ETC. (IMPRINT) | |
| Date of publication, distribution, etc | 1997 |
| 300 ## - PHYSICAL DESCRIPTION | |
| Extent | 190 pages : |
| 300 ## - PHYSICAL DESCRIPTION | |
| Other physical details | illustrations ; |
| 300 ## - PHYSICAL DESCRIPTION | |
| Dimensions | 21cm. |
| 650 ## - SUBJECT ADDED ENTRY--TOPICAL TERM | |
| Topical term or geographic name as entry element | Memmott, Frederick. |
| 650 ## - SUBJECT ADDED ENTRY--TOPICAL TERM | |
| Topical term or geographic name as entry element | World War, 1939-1945 -- |
No items available.